| 000 | 00461nam a22001817a 4500 | ||
|---|---|---|---|
| 999 |
_c527089 _d527089 |
||
| 003 | NUST | ||
| 020 | _a- | ||
| 038 | _aZafar Malik | ||
| 082 |
_a891.423 _bZAH |
||
| 100 |
_aZahoor, Darejah _918184 |
||
| 245 |
_aSaraiki Ajrak \ _cZahoor, Darejah |
||
| 260 |
_aMultan : _bJhok Publishers ; _c2014. |
||
| 300 | _a384 p. ; | ||
| 500 | _aHardcover | ||
| 880 |
_6100-02\r _aظہور دھریجہ |
||
| 880 |
_6245-02\r _aسرائیکی اجرک |
||
| 942 |
_2ddc _cBK |
||